| 000 | 00855nam a2200205 a 4500 | ||
|---|---|---|---|
| 001 | 56922 | ||
| 005 | 20180714052919.0 | ||
| 008 | 140415s2008 mx 000 0 spa d | ||
| 020 | _a9700773988 | ||
| 041 | _aspa | ||
| 082 |
_a343.720995 _bORO |
||
| 100 | 1 | _aOROZCO GOMEZ, JAVIER | |
| 245 | 1 | 3 | _aLA LIBERTAD DE EXPRESION Y DE PRENSA COMO DERECHOS FUNDAMENTALES |
| 250 | _a1a ed. | ||
| 260 |
_aMEXICO : _bPORRUA, _c2008 |
||
| 300 |
_a120 _c11.5 x 0.8 x 18 |
||
| 490 | _aFINANZAS PUBLICAS | ||
| 520 | _aESTA SERIE DE ENSAYOS TIENE COMO PUNTO DE PARTIDA EL DEBATE CADA VEZ MAS INTENSO DE LOS ULTIMOS AÑOS ANTE LOS INTENTOS POR ESTABLECER LEGISLACIONES QUE CONTROLEN LA ACTIVIDAD TANTO DE LOS MEDIOS IMPRESOS COMO ELECTRONICOS | ||
| 650 | 1 | 4 |
_aDERECHO DE INFORMAR _xPERIODISMO _xMEXICO _xASPECTOS JURIDICOS _xLIBERTAD DE INFORMACION _xMEXICO |
| 999 |
_c56922 _d56922 |
||